Špecifické prípady účtovania dane z pridanej hodnoty

Všeobecne o účtovaní o dani z pridanej hodnoty. Syntetický účet 343 - Daň z pridanej hodnoty. Schéma účtovania DPH. Výpočet a účtovanie DPH. Účtovné prípady.

Gespeichert in:
Bibliographische Detailangaben
1. Verfasser: Vanko, Jozef
Format: Buchkapitel
Sprache:Slowakisch
Schlagworte:
Tags: Tag hinzufügen
Keine Tags, Fügen Sie das erste Tag hinzu!

MARC

LEADER 00000naa a2200000 4500
001 r030498
005 20230919080834.8
041 0 |a slo 
044 |a SK 
245 1 0 |a Špecifické prípady účtovania dane z pridanej hodnoty  |c Jozef Vanko 
520 |a Všeobecne o účtovaní o dani z pridanej hodnoty. Syntetický účet 343 - Daň z pridanej hodnoty. Schéma účtovania DPH. Výpočet a účtovanie DPH. Účtovné prípady. 
610 2 0 |a dane z hodnoty pridanej 
610 2 0 |a účtovanie 
610 2 0 |a účty syntetické 
610 2 0 |a postupy účtovné 
610 2 0 |a prípady účtovné 
100 1 |a Vanko, Jozef